[Event "AUT-chT2W 1920"]
[Site "Austria"]
[Date "2019.10.06"]
[Round "3.4"]
[White "Ljubic, Juro"]
[Black "Preundler, Stefan"]
[Result "1-0"]
[WhiteElo "2162"]
[BlackElo "1929"]
[PlyCount "77"]
[EventDate "2019.10.04"]
[EventType "team-tourn"]
[EventRounds "11"]
[EventCountry "AUT"]
[SourceTitle "CBM 192 Extra"]
[Source "Chessbase"]
[SourceDate "2019.11.06"]
[SourceVersion "1"]
[SourceVersionDate "2019.11.06"]
[SourceQuality "1"]
[WhiteTeam "Schwarzach"]
[BlackTeam "Neumarkt"]
[WhiteTeamCountry "AUT"]
[BlackTeamCountry "AUT"]

1. b3 e5 2. Bb2 Nc6 3. e3 Nf6 4. Bb5 d6 5. d4 exd4 6. Bxc6+ bxc6 7. Qxd4 c5 8. Qf4 Bb7 9. Nf3 Be7 10. 0-0 g5 11. Nxg5 Rg8 12. f3 Rg6 13. Nd2 h6 14. Qa4+ Qd7 15. Qxd7+ Kxd7 16. Nh3 Nd5 17. Kf2 Rag8 18. g3 h5 19. c4 Nb4 20. Nf4 Rg5 21. a3 Na6 22. Rg1 h4 23. g4 Rf8 24. e4 Rgg8 25. Nd5 Bxd5 26. exd5 c6 27. dxc6+ Kxc6 28. f4 Nc7 29. Rae1 Re8 30. Nf3 d5 31. Ne5+ Kb6 32. g5 Ne6 33. Kf3 Nd4+ 34. Bxd4 cxd4 35. cxd5 Kb7 36. b4 f6 37. Nc6 Rg7 38. g6 Kc7 39. Rxe7+ 1-0